000 00647nam a2200205 a 4500
005 20140412111352.0
008 050425s19uu xx 00 eng d
020 _a0-02-660858-8
050 _aTR(GS 372.4
_bR211 2000
100 _aRaymer, Dottie
245 _aGrab a star :
_bdecodable book /
_cby Dottie Raymer ; illustrated by Gary Undercuffler.
260 _aColumbus, Ohio :
_bSRA/McGraw-Hill,
_c2000.
300 _a8 p. ; ill.
440 _aSRA Open Court Reading
500 _aLevel B, Set 1, Book 31
650 _aReading
_xPhonetics
_xJuvenile literature
650 _aStar
_xFiction
650 _aChildren stories
999 _c105351
_d105351